| 000 | 00716nam a2200253Ia 4500 | ||
|---|---|---|---|
| 003 | OSt | ||
| 005 | 20220918222350.0 | ||
| 006 | a|||||r|||| 00| 0 | ||
| 007 | ta | ||
| 008 | 220917b |||||||| |||| 00| 0 eng d | ||
| 024 | _a216,654 | ||
| 037 | _cTextual | ||
| 040 |
_aARTS _cARTS _beng |
||
| 041 |
_2eng _aeng |
||
| 082 | _aV6133:191.N, P1 | ||
| 100 |
_aSchwartz Richard _9142960 |
||
| 245 | 0 |
_aComing to terms _b Zimbabwe in the international arena |
|
| 260 |
_aLondon _bI.B.Tauris pub. _c2001 |
||
| 300 |
_a202p _ccm. |
||
| 490 | _aInternatioal library of african studies | ||
| 650 | _aHISTORY | ||
| 942 |
_hV6133:191.N, P1 _cTEXL _2CC |
||
| 999 |
_c275335 _d275335 |
||